Online Catalogue and eLibrary

Striking a balance : (Record no. 555)

MARC details
000 -LEADER
fixed length control field 00700cam a22002294a 4500
001 - CONTROL NUMBER
control field 15434437
005 - DATE AND TIME OF LATEST TRANSACTION
control field 20240307014555.0
008 - FIXED-LENGTH DATA ELEMENTS--GENERAL INFORMATION
fixed length control field 080902s2004 ce b 001 0 eng
020 ## - INTERNATIONAL STANDARD BOOK NUMBER
ISBN 9558027057
040 ## - CATALOGING SOURCE (பட்டியலாக்க மூலம்)
Original cataloging agency DLC
Transcribing agency DLC
Modifying agency DLC
082 ## - DDC Classification
DDC Edition Number 22
Class No. 323.34.
Item Number - Author Mark USI.
100 1# - MAIN ENTRY--PERSONAL NAME
Personal name Gomez, Mario.
245 10 - TITLE STATEMENT
Title Striking a balance :
Remainder of title using international human rights to achieve gender equality /
Statement of responsibility, etc. Mario Gomez & Shyamala Gomez.
250 ## - EDITION STATEMENT
Edition statement 1st ed.
260 ## - PUBLICATION, DISTRIBUTION, ETC.
Place of publication, distribution, etc. Colombo :
Name of publisher, distributor, etc. Canadian International Development Agency's Shakti Gender Equity Project,
Date of publication, distribution, etc. 2004.
300 ## - PHYSICAL DESCRIPTION
Extent (e.g. Volumes, Pages etc.) 177 p. ;
650 #0 - SUBJECT ADDED ENTRY--TOPICAL TERM
Topical term or geographic name entry element Women
650 #0 - SUBJECT ADDED ENTRY--TOPICAL TERM
Topical term or geographic name entry element Civil rights
650 #0 - SUBJECT ADDED ENTRY--TOPICAL TERM
Topical term or geographic name entry element Human rights.
700 1# - ADDED ENTRY--PERSONAL NAME
Personal name Gomez, Shyamala.
Relator term (Role) Editor
942 ## - Koha item type (Biblio)
Koha item type Books in Stacks (Lending)
Holdings
Lost status Damaged status Collection code Home library Current library Date acquired Full call number Accession Number Item type
    Lending WERC Library WERC Library 03/07/2024 323.34. USI. 1804 Books in Stacks (Lending)

© WERC Library